| 000 | 00494nam a2200193Ia 4500 | ||
|---|---|---|---|
| 005 | 20251113154332.0 | ||
| 008 | 230125s9999 xx 000 0 und d | ||
| 041 | _aeng | ||
| 082 |
_a158.1 _bCLA |
||
| 100 |
_aClayton P _9214864 |
||
| 245 | _aBody language at work | ||
| 260 |
_c2003 _bOm books International _aNew Delhi |
||
| 300 | _a168p | ||
| 500 | _aPersonality Development, | ||
| 650 |
_aPersonality Development _9213420 |
||
| 700 |
_aClayton P _9214864 |
||
| 906 | _b30 | ||
| 942 | _cBK | ||
| 999 |
_c84754 _d84754 |
||